000 01067nam a2200265Ia 4500
008 191130s1998##################000#0#eng##
020 _a9780874173055
022 _a97022379
040 _aACL
_cACL
082 _a331.89283 LOF
100 _aLoftis, Anne
245 _aWitnesses to the struggle : imaging the 1930s California labor movement
_cAnne Loftis
260 _aReno, NV
_bUniversity of Nevada Press
_c1998
300 _axii, 239 p. : ill. ; 25 cm
500 _aIncludes bibliographical references (p. [225]-229) and index
650 _aAgricultural laborers - California - Public opinion
650 _aPerforming arts - United States - Plots, themes, etc
650 _aPublic opinion - United States
650 _aStrikes and lockouts - Agricultural laborers - California - History - 20th century - Historiography
650 _aStrikes and lockouts - Agricultural laborers - Press coverage - United States
650 _aStrikes and lockouts in literature
990 _a13f24066ac10000c26ec7872f1fcdd7b
991 _a141912
999 _c97617
_d97617